000 00351nam a2200133Ia 4500
008 240624s9999 xx 000 0 und d
041 _aeng
082 _a330.954 CHO
100 _aCHOWDHURY ANIS
245 _aHANDBOOK ON THE SOUTH ASIAN ECONOMIES
260 _c2008
_aUnited Kingdom
_bEdward Elgar
300 _ax, 245 p.; 23 cm.
365 _cBPS
_b38
999 _c31142
_d31142